000 00271nam a22001217a 4500
003 SGT
082 _a658.4033,AND
100 _aANDERSON, DAVID R
245 _aQUANTITATIVE METHODS FOR BUSINESS
250 _a10th
260 _aNEW DELHI
_bTHOMSON
_c2006
942 _2ddc
_cCD
999 _c10801
_d10801